00315nam a2200133Ia 4500008004100000020001500041041001200056082001600068100001700084245002200101260003500123300000800158650001500166221030s9999 xx 000 0 und d a8188730009 aEnglish a105.23bSha aN. K. Sharma 0aPractical Costing bShree Niwas Pub.aJaipurc2001 a429 aManagement